Douanier Rousseau (1844-1910) (Record no. 8944)

MARC details
000 -CABECERA
campo de control de longitud fija 00631nam a2200217 a 4500
001 - NÚMERO DE CONTROL
campo de control BRL_131
005 - FECHA Y HORA DE LA ÚLTIMA TRANSACCIÓN
campo de control 20190320210613.0
008 - DATOS DE LONGITUD FIJA--INFORMACIÓN GENERAL
campo de control de longitud fija 171012s19uu----enkf######---#000-0#eng-#
041 ## - CÓDIGO DE LENGUA
Código de lengua del texto/banda sonora o título independiente eng
044 ## - CÓDIGO DEL PAÍS DE LA ENTIDAD EDITORA/PRODUCTORA
Código MARC del país enk
050 #4 - SIGNATURA TOPOGRÁFICA DE LA BIBLIOTECA DEL CONGRESO
Número de clasificación ND553.R67
Número de documento/Ítem .D68 1900
245 10 - MENCIÓN DE TÍTULO
Título Douanier Rousseau (1844-1910)
Mención de responsabilidad, etc. with an introduction and notes by R. H. Wilenski.
260 ## - PUBLICACIÓN, DISTRIBUCIÓN, ETC.
Lugar de publicación, distribución, etc. London
Nombre del editor, distribuidor, etc. Faber and Faber
Fecha de publicación, distribución, etc. [19--]
300 ## - DESCRIPCIÓN FÍSICA
Extensión 24 p.
Otras características físicas il. a color, 10 láminas
Dimensiones 31 cm.
440 #0 - MENCIÓN DE SERIE/PUNTO DE ACCESO ADICIONAL--TÍTULO
Título The Faber Gallery
Designación de volumen o secuencia 9
9 (RLIN) 22995
500 ## - NOTA GENERAL
Nota general Au163
600 14 - PUNTO DE ACCESO ADICIONAL DE MATERIA--NOMBRE DE PERSONA
Nombre de persona Rousseau, Henri
Fechas asociadas al nombre 1844-1910
9 (RLIN) 12091
700 1# - PUNTO DE ACCESO ADICIONAL--NOMBRE DE PERSONA
Nombre de persona Wilenski, R. H.
9 (RLIN) 22996
902 ## - CATALOGADOR
Iniciales GRL
942 ## - ELEMENTOS DE PUNTO DE ACCESO ADICIONAL (KOHA)
Fuente del sistema de clasificación o colocación Library of Congress Classification
Tipo de ítem Koha Libros
Holdings
Estado de retiro Estado de pérdida Estado dañado No para préstamo Localización permanente Ubicación/localización actual Fecha de adquisición Número de inventario Total de préstamos Signatura topográfica completa Código de barras Fecha visto por última vez Precio válido a partir de Tipo de ítem Koha
El ejemplar forma parte de la colección y puede ser consultado según las políticas vigentes.       Biblioteca Centro de Estudios Ruth D. Lechuga Biblioteca Centro de Estudios Ruth D. Lechuga 17/10/2012 Au163   ND553.R67 .D68 1900 (Au163) GRL00143 22/03/2019 22/03/2019 Libros